SMALL WORLDS; (Record no. 9840)

MARC details
000 -LEADER
fixed length control field 01714cam a2200337 i 4500
001 - CONTROL NUMBER
control field 22989404
003 - CONTROL NUMBER IDENTIFIER
control field OSt
005 - DATE AND TIME OF LATEST TRANSACTION
control field 20260604162153.0
008 - FIXED-LENGTH DATA ELEMENTS--GENERAL INFORMATION
fixed length control field 230227s2023 nyu 000 1 eng
010 ## - LIBRARY OF CONGRESS CONTROL NUMBER
LC control number 2023008960
020 ## - INTERNATIONAL STANDARD BOOK NUMBER
International Standard Book Number 0458942707
Qualifying information (hardcover)
020 ## - INTERNATIONAL STANDARD BOOK NUMBER
Qualifying information (ebook)
035 ## - SYSTEM CONTROL NUMBER
System control number 22989404
040 ## - CATALOGING SOURCE
Original cataloging agency DLC
Language of cataloging eng
Description conventions rda
Transcribing agency IRDP
Modifying agency DLC
042 ## - AUTHENTICATION CODE
Authentication code pcc
050 00 - LIBRARY OF CONGRESS CALL NUMBER
Classification number PR6114.E57
Item number S63 2023
082 00 - DEWEY DECIMAL CLASSIFICATION NUMBER
Classification number 320.971 SMA
100 1# - MAIN ENTRY--PERSONAL NAME
Personal name ELKINS,DAVID J.[ET ALL]
Relator term author.
245 10 - TITLE STATEMENT
Title SMALL WORLDS;
Statement of responsibility, etc. DAVID J, ELKINS [ET .AL]
Remainder of title PROVINCES AND PARTIES IN CANADIAN POLITICAL LIFE
264 #1 - PRODUCTION, PUBLICATION, DISTRIBUTION, MANUFACTURE, AND COPYRIGHT NOTICE
Place of production, publication, distribution, manufacture TORONTO
Name of producer, publisher, distributor, manufacturer METHUEN
Date of production, publication, distribution, manufacture, or copyright notice 1980
300 ## - PHYSICAL DESCRIPTION
Extent 259 pages ;
Dimensions 24 cm
336 ## - CONTENT TYPE
Content type term text
Content type code txt
Source rdacontent
337 ## - MEDIA TYPE
Media type term unmediated
Media type code n
Source rdamedia
338 ## - CARRIER TYPE
Carrier type term volume
Carrier type code nc
Source rdacarrier
520 ## - SUMMARY, ETC.
Summary, etc. "Set over the course of three summers, Small Worlds follows Stephen, a first-generation Londoner born to Ghanaian immigrant parents, brother to Ray, and best friend to Adeline. On the cusp of big life changes, Stephen feels pressured to follow a certain track-a university degree, a move out of home-but when he decides instead to follow his first love, music, his world and family fracture in ways he didn't foresee. Now Stephen must find a path and peace for himself: a space he can feel beautiful, a space he can feel free."--
Assigning source Provided by publisher.
655 #7 - INDEX TERM--GENRE/FORM
Genre/form data or focus term Novels.
Source of term lcgft
776 08 - ADDITIONAL PHYSICAL FORM ENTRY
Relationship information Online version:
Main entry heading Azumah Nelson, Caleb.
Title Small worlds
Edition First Grove Atlantic hard cover edition.
Place, publisher, and date of publication New York : Grove Press, 2023
International Standard Book Number 9780802161970
Record control number (DLC) 2023008961
906 ## - LOCAL DATA ELEMENT F, LDF (RLIN)
a 7
b cbc
c orignew
d 1
e ecip
f 20
g y-gencatlg
942 ## - ADDED ENTRY ELEMENTS (KOHA)
Source of classification or shelving scheme Dewey Decimal Classification
Koha item type BOOKS
Holdings
Withdrawn status Lost status Source of classification or shelving scheme Damaged status Not for loan Home library Current library Date acquired Total Checkouts Full call number Barcode Date last seen Price effective from Koha item type
    Dewey Decimal Classification     Dodoma Dodoma 04/06/2026   320.971 SMA LIB002581 04/06/2026 04/06/2026 BOOKS

IRDP © 2021 :: Managed by ICT Team